[Event "Senior DM 2015"]
[Site "Randers"]
[Date "2015.02.08"]
[Round "2.2"]
[White "Stentebjerg-Hansen, Per"]
[Black "Rossen, Claus"]
[Result "1/2-1/2"]
[LiveChessVersion "1.4.4"]
[BlackElo "2092"]
[WhiteElo "2195"]

1. d4 {[%clk 1:30:58]} Nf6 {[%clk 1:30:55]} 2. Nc3 {[%clk 1:28:40]} g6
{[%clk 1:30:18]} 3. e4 {[%clk 1:28:12]} d6 {[%clk 1:30:42]} 4. Nf3
{[%clk 1:24:26]} Bg7 {[%clk 1:30:46]} 5. Bc4 {[%clk 1:24:14]} O-O
{[%clk 1:30:49]} 6. Bb3 {[%clk 1:22:14]} Bg4 {[%clk 1:29:56]} 7. h3
{[%clk 1:22:36]} Bxf3 {[%clk 1:30:20]} 8. Qxf3 {[%clk 1:23:02]} Nc6
{[%clk 1:30:45]} 9. Be3 {[%clk 1:13:09]} e5 {[%clk 1:30:59]} 10. dxe5
{[%clk 1:01:36]} dxe5 {[%clk 1:27:43]} 11. Bg5 {[%clk 0:59:59]} Nd4
{[%clk 1:26:12]} 12. Qe3 {[%clk 0:48:01]} c6 {[%clk 1:21:53]} 13. O-O
{[%clk 0:43:48]} Qb6 {[%clk 1:13:53]} 14. Na4 {[%clk 0:40:52]} Qb5
{[%clk 1:11:06]} 15. c3 {[%clk 0:37:13]} Nxb3 {[%clk 1:01:47]} 16. axb3
{[%clk 0:37:39]} b6 {[%clk 1:02:12]} 17. b4 {[%clk 0:25:01]} Rad8
{[%clk 0:59:00]} 18. b3 {[%clk 0:22:05]} Qd3 {[%clk 0:28:29]} 19. Rfe1
{[%clk 0:22:11]} Qxe3 {[%clk 0:26:58]} 20. Rxe3 {[%clk 0:22:31]} Rd7
{[%clk 0:27:13]} 21. Nb2 {[%clk 0:22:38]} Nh5 {[%clk 0:21:09]} 22. Nc4
{[%clk 0:20:33]} f6 {[%clk 0:20:21]} 23. Bh4 {[%clk 0:20:54]} Bh6
{[%clk 0:20:22]} 24. Re2 {[%clk 0:20:14]} g5 {[%clk 0:11:38]} 25. Bg3
{[%clk 0:20:42]} Nxg3 {[%clk 0:12:02]} 26. fxg3 {[%clk 0:21:10]} g4
{[%clk 0:11:49]} 27. Ne3 {[%clk 0:18:48]} Bxe3+ {[%clk 0:09:36]} 28. Rxe3
{[%clk 0:19:16]} h5 {[%clk 0:09:15]} 29. Kf2 {[%clk 0:11:53]} Rfd8
{[%clk 0:06:38]} 30. Re2 {[%clk 0:11:24]} Rd3 {[%clk 0:06:50]} 31. Rxa7 Rxc3
{[%clk 0:07:12]} 32. Rb7 {[%clk 0:10:20]} gxh3 {[%clk 0:04:13]} 33. gxh3
{[%clk 0:10:45]} Rxb3 {[%clk 0:04:06]} 34. Ra2 {[%clk 0:09:28]} Rxb4
{[%clk 0:04:21]} 35. Raa7 {[%clk 0:08:30]} Rb2+ {[%clk 0:04:26]} 36. Ke3
{[%clk 0:07:32]} Rb3+ {[%clk 0:04:51]} 37. Kf2 {[%clk 0:07:56]} Rb2+
{[%clk 0:04:27]} 38. Ke3 {[%clk 0:08:09]} Rb3+ {[%clk 0:04:54]} 39. Kf2
{[%clk 0:08:33]} Rb2+ {[%clk 0:05:21]} 1/2-1/2

[Event "Senior DM 2015"]
[Site "Randers"]
[Date "2015.02.08"]
[Round "2.3"]
[White "Grønborg, Benny"]
[Black "Schleicher-Christensen, Jan"]
[Result "0-1"]
[LiveChessVersion "1.4.4"]
[BlackElo "2189"]
[WhiteElo "1943"]

1. e4 {[%clk 1:24:22]} e5 {[%clk 1:30:55]} 2. Nf3 {[%clk 1:24:36]} Nc6
{[%clk 1:31:20]} 3. d4 {[%clk 1:24:40]} exd4 {[%clk 1:31:42]} 4. Nxd4
{[%clk 1:24:49]} Qf6 {[%clk 1:31:39]} 5. Be3 {[%clk 1:24:35]} Bc5
{[%clk 1:31:43]} 6. c3 {[%clk 1:24:34]} Nge7 {[%clk 1:31:40]} 7. Bb5
{[%clk 1:21:32]} Bb6 {[%clk 1:27:35]} 8. O-O {[%clk 1:19:50]} Qg6
{[%clk 1:20:03]} 9. Nd2 {[%clk 1:12:23]} O-O {[%clk 1:15:57]} 10. Nc4
{[%clk 1:08:14]} Qxe4 {[%clk 1:11:53]} 11. Nxb6 {[%clk 1:05:21]} axb6
{[%clk 1:11:56]} 12. Re1 {[%clk 1:05:28]} Qg6 {[%clk 1:10:51]} 13. Bd3
{[%clk 1:05:04]} f5 {[%clk 1:10:19]} 14. Nb5 {[%clk 1:03:25]} d6 {[%clk 0:54:30]}
15. Nxc7 {[%clk 1:00:07]} Rb8 {[%clk 0:54:38]} 16. Bxb6 {[%clk 0:55:29]} Bd7
{[%clk 0:51:31]} 17. Bc4+ {[%clk 0:53:12]} Kh8 {[%clk 0:51:08]} 18. Ne6
{[%clk 0:51:57]} f4 {[%clk 0:44:10]} 19. f3 {[%clk 0:40:13]} Nf5 {[%clk 0:40:51]}
20. Nxf4 {[%clk 0:36:40]} Qg5 {[%clk 0:39:00]} 21. Nh3 {[%clk 0:31:39]} Qf6
{[%clk 0:38:11]} 22. Nf2 {[%clk 0:17:00]} Qg6 {[%clk 0:35:00]} 23. Re4
{[%clk 0:15:41]} Nce7 {[%clk 0:30:14]} 24. Bd3 {[%clk 0:13:03]} Rbe8
{[%clk 0:27:29]} 25. Qc2 {[%clk 0:09:15]} d5 {[%clk 0:26:29]} 26. Rb4
{[%clk 0:09:32]} Nc6 {[%clk 0:24:33]} 27. Rf4 {[%clk 0:07:52]} Ne5
{[%clk 0:22:55]} 28. Bc5 {[%clk 0:07:54]} Rf7 {[%clk 0:20:56]} 29. Bd4
{[%clk 0:05:12]} Nc6 {[%clk 0:19:54]} 30. Ng4 {[%clk 0:04:26]} Qg5
{[%clk 0:19:13]} 31. Bxf5 {[%clk 0:02:30]} Qxf4 {[%clk 0:16:34]} 32. Bxh7
{[%clk 0:01:10]} Nxd4 {[%clk 0:15:04]} 33. cxd4 {[%clk 0:01:26]} Bxg4
{[%clk 0:15:08]} 34. fxg4 {[%clk 0:01:23]} Qe3+ {[%clk 0:15:26]} 0-1

[Event "Senior DM 2015"]
[Site "Randers"]
[Date "2015.02.08"]
[Round "2.4"]
[White "Zachariassen, John"]
[Black "Sloth, Jørn"]
[Result "0-1"]
[LiveChessVersion "1.4.4"]
[BlackElo "2294"]
[WhiteElo "2009"]

1. d4 {[%clk 1:30:42]} e6 {[%clk 1:29:24]} 2. Bf4 {[%clk 1:30:17]} b6
{[%clk 1:24:42]} 3. Nf3 {[%clk 1:27:57]} Bb7 {[%clk 1:24:29]} 4. e3
{[%clk 1:27:09]} Nf6 {[%clk 1:22:02]} 5. h3 {[%clk 1:27:02]} Be7 {[%clk 1:21:31]}
6. Be2 {[%clk 1:25:37]} O-O {[%clk 1:20:11]} 7. O-O {[%clk 1:25:37]} d6
{[%clk 1:18:56]} 8. Nbd2 {[%clk 1:25:20]} Nbd7 {[%clk 1:18:42]} 9. c4
{[%clk 1:23:11]} c5 {[%clk 1:13:40]} 10. Bh2 {[%clk 1:14:06]} a6 {[%clk 1:07:57]}
11. a4 {[%clk 1:11:30]} Bc6 {[%clk 0:49:20]} 12. Qb1 {[%clk 1:09:37]} Ra7
{[%clk 0:45:01]} 13. b4 {[%clk 1:07:24]} a5 {[%clk 0:38:19]} 14. b5
{[%clk 0:59:08]} Ba8 {[%clk 0:38:23]} 15. Rc1 {[%clk 0:58:36]} h6
{[%clk 0:32:28]} 16. Bd3 {[%clk 0:57:33]} Rc7 {[%clk 0:26:23]} 17. Ne1
{[%clk 0:47:09]} Re8 {[%clk 0:20:16]} 18. Nb3 {[%clk 0:46:17]} e5
{[%clk 0:16:26]} 19. d5 {[%clk 0:42:24]} e4 {[%clk 0:15:31]} 20. Be2
{[%clk 0:39:59]} Bf8 {[%clk 0:15:08]} 21. Nd2 {[%clk 0:39:07]} Bb7
{[%clk 0:14:21]} 22. Ra3 {[%clk 0:35:16]} Bc8 {[%clk 0:14:08]} 23. f4
{[%clk 0:33:58]} exf3 {[%clk 0:13:05]} 24. Ndxf3 {[%clk 0:30:33]} Ne4
{[%clk 0:12:45]} 25. Nd3 {[%clk 0:27:23]} Ndf6 {[%clk 0:11:37]} 26. Re1
{[%clk 0:24:19]} Bf5 {[%clk 0:10:26]} 27. Qc1 {[%clk 0:24:16]} Rce7
{[%clk 0:09:23]} 28. Bf1 {[%clk 0:24:10]} g5 {[%clk 0:07:14]} 29. Nf2
{[%clk 0:22:00]} Nxf2 {[%clk 0:06:19]} 30. Kxf2 {[%clk 0:22:23]} Ne4+
{[%clk 0:06:21]} 31. Kg1 {[%clk 0:22:44]} Bg7 {[%clk 0:05:18]} 32. Bd3
{[%clk 0:19:09]} Qd7 {[%clk 0:04:39]} 33. Rf1 {[%clk 0:18:57]} Bh7
{[%clk 0:04:44]} 34. Qe1 {[%clk 0:17:53]} f5 {[%clk 0:04:27]} 35. Bxe4
{[%clk 0:16:54]} Rxe4 {[%clk 0:04:29]} 36. Qg3 {[%clk 0:16:05]} f4
{[%clk 0:01:35]} 37. exf4 {[%clk 0:15:08]} gxf4 {[%clk 0:02:02]} 38. Qh4
{[%clk 0:14:50]} Qf5 {[%clk 0:00:41]} 39. Nd2 {[%clk 0:13:31]} Re2
{[%clk 0:00:46]} 40. Bxf4 {[%clk 0:42:39]} Bd4+ {[%clk 0:30:52]} 41. Kh1
{[%clk 0:42:10]} Rxd2 {[%clk 0:25:09]} 42. Rg3+ {[%clk 0:40:39]} Kh8
{[%clk 0:24:28]} 43. Rgf3 {[%clk 0:38:19]} Rd3 {[%clk 0:04:36]} 44. Be3
{[%clk 0:33:13]} Qg6 {[%clk 0:01:21]} 45. Rf8+ {[%clk 0:18:15]} Rxf8
{[%clk 0:01:36]} 46. Rxf8+ {[%clk 0:18:20]} Bg8 {[%clk 0:02:00]} 47. Bxd4+
{[%clk 0:11:22]} Rxd4 {[%clk 0:02:05]} 48. Qf2 {[%clk 0:11:47]} Rxc4
{[%clk 0:01:32]} 49. Rf6 {[%clk 0:11:28]} Qg7 {[%clk 0:01:02]} 50. Qf5
{[%clk 0:09:22]} Bxd5 {[%clk 0:00:44]} 51. Rg6 {[%clk 0:09:16]} Rc1+
{[%clk 0:00:49]} 0-1

[Event "Senior DM 2015"]
[Site "Randers"]
[Date "2015.02.08"]
[Round "2.5"]
[White "Madsen, Svend Aage"]
[Black "Kølbæk, Jens"]
[Result "1-0"]
[LiveChessVersion "1.4.4"]
[BlackElo "2197"]
[WhiteElo "2000"]

1. e4 {[%clk 1:30:55]} e5 {[%clk 1:30:46]} 2. Nf3 {[%clk 1:31:16]} Nc6
{[%clk 1:31:09]} 3. Bb5 {[%clk 1:31:38]} a6 {[%clk 1:31:30]} 4. Ba4
{[%clk 1:32:02]} Nf6 {[%clk 1:31:50]} 5. d3 {[%clk 1:32:22]} d6 {[%clk 1:29:12]}
6. c3 {[%clk 1:32:00]} Be7 {[%clk 1:28:31]} 7. Nbd2 {[%clk 1:31:50]} O-O
{[%clk 1:28:30]} 8. Nf1 {[%clk 1:31:36]} b5 {[%clk 1:26:45]} 9. Bc2
{[%clk 1:29:17]} d5 {[%clk 1:26:25]} 10. Qe2 {[%clk 1:28:42]} dxe4
{[%clk 1:22:04]} 11. dxe4 {[%clk 1:28:57]} Be6 {[%clk 1:18:22]} 12. Ne3
{[%clk 1:21:34]} h6 {[%clk 1:14:30]} 13. O-O {[%clk 1:21:23]} Re8
{[%clk 1:11:25]} 14. a4 {[%clk 1:16:03]} b4 {[%clk 1:00:23]} 15. Bd3
{[%clk 1:11:12]} Qc8 {[%clk 0:59:51]} 16. cxb4 {[%clk 1:02:00]} Bxb4
{[%clk 0:56:31]} 17. Bd2 {[%clk 0:55:58]} Bxd2 {[%clk 0:51:56]} 18. Qxd2
{[%clk 0:55:29]} Nd4 {[%clk 0:41:56]} 19. Nxd4 {[%clk 0:49:17]} exd4
{[%clk 0:42:20]} 20. Nc2 {[%clk 0:43:38]} c5 {[%clk 0:41:24]} 21. Na3
{[%clk 0:37:23]} Qb7 {[%clk 0:35:58]} 22. f3 {[%clk 0:31:22]} Reb8
{[%clk 0:32:06]} 23. Rfb1 {[%clk 0:24:20]} Nd7 {[%clk 0:17:29]} 24. Nc4
{[%clk 0:14:31]} Nb6 {[%clk 0:17:31]} 25. Na5 {[%clk 0:10:59]} Qc7
{[%clk 0:16:10]} 26. Rc1 {[%clk 0:10:39]} Rc8 {[%clk 0:15:36]} 27. b3
{[%clk 0:10:36]} Nd7 {[%clk 0:13:54]} 28. Nc4 {[%clk 0:07:18]} Rab8
{[%clk 0:12:06]} 29. Rab1 {[%clk 0:07:10]} Rb4 {[%clk 0:10:52]} 30. Qc2
{[%clk 0:05:55]} Rcb8 {[%clk 0:09:55]} 31. Nd2 {[%clk 0:03:53]} Qb7
{[%clk 0:08:59]} 32. Bc4 {[%clk 0:02:32]} Bxc4 {[%clk 0:05:50]} 33. Nxc4
{[%clk 0:02:33]} Qc7 {[%clk 0:05:43]} 34. Rb2 {[%clk 0:01:43]} Nf8
{[%clk 0:04:15]} 35. Nd2 {[%clk 0:01:48]} Ne6 {[%clk 0:04:17]} 36. Nc4
{[%clk 0:01:51]} Nf4 {[%clk 0:02:48]} 37. Rcb1 {[%clk 0:00:59]} Rd8
{[%clk 0:02:02]} 38. Qd2 {[%clk 0:01:00]} g5 {[%clk 0:01:50]} 39. g3
{[%clk 0:01:03]} Ne6 {[%clk 0:01:54]} 40. Kg2 {[%clk 0:31:12]} Kg7
{[%clk 0:31:52]} 41. Qd3 {[%clk 0:27:24]} Rbb8 {[%clk 0:29:47]} 42. e5
{[%clk 0:20:17]} Rd7 {[%clk 0:21:26]} 43. Nd6 {[%clk 0:16:58]} Rh8
{[%clk 0:20:40]} 44. Qxa6 {[%clk 0:15:43]} h5 {[%clk 0:20:26]} 45. Qd3
{[%clk 0:15:24]} Qc6 {[%clk 0:18:51]} 46. Re1 {[%clk 0:12:10]} Kf8
{[%clk 0:18:00]} 47. Qb5 {[%clk 0:10:06]} Rxd6 {[%clk 0:17:23]} 48. exd6
{[%clk 0:09:56]} Qxd6 {[%clk 0:17:47]} 49. Qd3 {[%clk 0:08:35]} h4
{[%clk 0:17:33]} 50. a5 {[%clk 0:08:13]} h3+ {[%clk 0:15:51]} 51. Kg1
{[%clk 0:07:33]} Ke7 {[%clk 0:15:36]} 52. Ra2 {[%clk 0:07:26]} Ra8
{[%clk 0:14:44]} 53. Qf5 {[%clk 0:06:39]} Kf8 {[%clk 0:14:41]} 54. Qxh3
{[%clk 0:06:47]} Kg7 {[%clk 0:15:04]} 55. Qf5 {[%clk 0:06:53]} Rd8
{[%clk 0:15:00]} 56. Qd3 {[%clk 0:05:25]} Nc7 {[%clk 0:15:15]} 57. a6
{[%clk 0:05:17]} Ra8 {[%clk 0:15:24]} 58. a7 {[%clk 0:05:37]} Qb6 59. Qf5
{[%clk 0:04:17]} Ne6 {[%clk 0:15:02]} 60. Qe5+ {[%clk 0:03:15]} Kg8
{[%clk 0:14:40]} 61. Rea1 {[%clk 0:03:16]} Qxb3 {[%clk 0:14:25]} 62. Qe4
{[%clk 0:02:34]} Nc7 {[%clk 0:14:23]} 63. Qc6 {[%clk 0:02:39]} Qe3+
{[%clk 0:13:47]} 64. Kg2 {[%clk 0:02:45]} Qe5 {[%clk 0:14:12]} 65. Rc1
{[%clk 0:02:20]} Qe6 {[%clk 0:10:49]} 66. Qxe6 {[%clk 0:02:26]} Nxe6
{[%clk 0:11:14]} 67. Rb1 {[%clk 0:02:40]} Kg7 {[%clk 0:11:37]} 68. Rb8
{[%clk 0:02:58]} Rxa7 {[%clk 0:11:56]} 69. Rxa7 {[%clk 0:03:24]} c4
{[%clk 0:12:14]} 70. Rc8 {[%clk 0:03:02]} c3 {[%clk 0:12:19]} 71. Kf2
{[%clk 0:03:07]} Kf6 {[%clk 0:12:24]} 72. Ke2 {[%clk 0:03:13]} 1-0

[Event "Senior DM 2015"]
[Site "Randers"]
[Date "2015.02.08"]
[Round "2.6"]
[White "Sørensen, Bent"]
[Black "Olesen, Poul Erik Nørregaard"]
[Result "1/2-1/2"]
[LiveChessVersion "1.4.4"]
[BlackElo "1974"]
[WhiteElo "2196"]

1. Nf3 {[%clk 1:30:58]} Nf6 {[%clk 1:30:35]} 2. b3 {[%clk 1:31:18]} d6
{[%clk 1:29:23]} 3. d4 {[%clk 1:31:30]} c5 {[%clk 1:28:47]} 4. Bb2
{[%clk 1:29:35]} cxd4 {[%clk 1:25:55]} 5. Nxd4 {[%clk 1:28:59]} Nc6
{[%clk 1:24:48]} 6. e3 {[%clk 1:26:49]} e5 {[%clk 1:21:44]} 7. Nf3
{[%clk 1:25:59]} Be7 {[%clk 1:19:27]} 8. Be2 {[%clk 1:26:04]} O-O
{[%clk 1:16:13]} 9. O-O {[%clk 1:26:13]} Bg4 {[%clk 1:13:04]} 10. c4
{[%clk 1:24:30]} Bxf3 {[%clk 1:03:40]} 11. Bxf3 {[%clk 1:24:41]} e4
{[%clk 1:04:02]} 12. Be2 {[%clk 1:24:44]} d5 {[%clk 1:03:38]} 13. Nc3
{[%clk 1:17:08]} d4 {[%clk 0:56:24]} 14. exd4 {[%clk 1:17:12]} Qxd4
{[%clk 0:56:05]} 15. Qc1 {[%clk 1:11:02]} Qc5 {[%clk 0:48:27]} 16. Re1
{[%clk 1:02:44]} a6 {[%clk 0:42:00]} 17. Bf1 {[%clk 0:57:40]} Qf5
{[%clk 0:40:48]} 18. Ne2 {[%clk 0:45:15]} Bc5 {[%clk 0:28:51]} 19. Qf4
{[%clk 0:45:22]} Qxf4 {[%clk 0:28:33]} 20. Nxf4 {[%clk 0:45:46]} Ng4
{[%clk 0:28:24]} 21. Nh3 {[%clk 0:44:59]} e3 {[%clk 0:27:01]} 22. Kh1
{[%clk 0:40:23]} exf2 {[%clk 0:21:37]} 23. Re2 {[%clk 0:39:07]} Rfe8
{[%clk 0:21:10]} 24. Bc3 {[%clk 0:32:47]} Bd4 {[%clk 0:19:39]} 25. Bxd4
{[%clk 0:29:02]} Rxe2 {[%clk 0:19:28]} 26. Bxe2 {[%clk 0:29:08]} Re8
{[%clk 0:19:13]} 27. Bxf2 {[%clk 0:25:41]} Nxf2+ 1/2-1/2

[Event "Senior DM 2015"]
[Site "Randers"]
[Date "2015.02.08"]
[Round "2.7"]
[White "Bauner, Jan"]
[Black "Jørgensen, Jørgen"]
[Result "1/2-1/2"]
[LiveChessVersion "1.4.4"]
[BlackElo "2167"]
[WhiteElo "1973"]

1. d4 {[%clk 1:30:59]} Nf6 {[%clk 1:30:53]} 2. c4 {[%clk 1:31:25]} c6
{[%clk 1:30:22]} 3. Nc3 {[%clk 1:31:44]} d5 {[%clk 1:30:37]} 4. cxd5
{[%clk 1:31:44]} cxd5 {[%clk 1:30:59]} 5. Nf3 {[%clk 1:31:01]} Nc6
{[%clk 1:31:21]} 6. e3 {[%clk 1:28:56]} a6 {[%clk 1:27:52]} 7. a3
{[%clk 1:25:07]} Bg4 {[%clk 1:23:06]} 8. Be2 {[%clk 1:24:19]} Bxf3
{[%clk 1:20:53]} 9. Bxf3 {[%clk 1:24:39]} e6 {[%clk 1:21:09]} 10. O-O
{[%clk 1:24:02]} Bd6 {[%clk 1:19:48]} 11. Re1 {[%clk 1:20:18]} Qc7
{[%clk 1:10:53]} 12. g3 {[%clk 1:19:09]} O-O {[%clk 1:10:34]} 13. e4
{[%clk 1:17:46]} dxe4 {[%clk 1:08:32]} 14. Nxe4 {[%clk 1:17:21]} Nd5
{[%clk 0:55:28]} 15. b4 {[%clk 1:06:33]} Rad8 {[%clk 0:53:31]} 16. Bb2
{[%clk 1:06:13]} Be7 {[%clk 0:49:51]} 17. Rc1 {[%clk 1:05:18]} Qb6
{[%clk 0:46:50]} 18. Nc5 {[%clk 0:49:54]} Bg5 {[%clk 0:40:48]} 19. Rc4
{[%clk 0:46:39]} Bf6 {[%clk 0:31:55]} 20. Qc1 {[%clk 0:42:28]} Na7
{[%clk 0:19:07]} 21. Rd1 {[%clk 0:33:44]} Nb5 {[%clk 0:16:28]} 22. Ne4
{[%clk 0:30:05]} Be7 {[%clk 0:16:42]} 23. Rc2 {[%clk 0:23:52]} Nd6
{[%clk 0:16:20]} 24. Nd2 {[%clk 0:23:10]} Bg5 {[%clk 0:15:24]} 25. Qb1
{[%clk 0:21:24]} Bxd2 {[%clk 0:11:11]} 26. Rdxd2 {[%clk 0:17:38]} h6
{[%clk 0:08:40]} 27. Rc5 {[%clk 0:15:20]} Ne8 {[%clk 0:08:39]} 28. Rdc2
{[%clk 0:08:14]} Nef6 {[%clk 0:08:50]} 29. Qc1 {[%clk 0:07:01]} Qd6
{[%clk 0:08:29]} 30. Qe1 {[%clk 0:06:50]} Nd7 {[%clk 0:07:22]} 31. R5c4
{[%clk 0:05:48]} N7b6 {[%clk 0:07:33]} 32. Bxd5 {[%clk 0:05:26]} exd5
{[%clk 0:06:02]} 33. Rc7 {[%clk 0:05:09]} Rd7 {[%clk 0:04:39]} 34. Qe5
{[%clk 0:03:30]} Qxe5 {[%clk 0:02:40]} 35. dxe5 {[%clk 0:03:56]} Rfd8
{[%clk 0:03:01]} 36. Rxd7 {[%clk 0:02:22]} Rxd7 {[%clk 0:03:29]} 37. Bd4
{[%clk 0:02:39]} Nc4 {[%clk 0:03:55]} 38. Rc3 {[%clk 0:02:53]} b5
{[%clk 0:04:06]} 39. f4 {[%clk 0:02:40]} g5 {[%clk 0:02:17]} 40. Kf2
{[%clk 0:31:56]} g4 {[%clk 0:32:09]} 41. Ke2 {[%clk 0:30:23]} Kh7
{[%clk 0:32:11]} 42. Kd3 {[%clk 0:29:04]} Kg6 {[%clk 0:32:09]} 43. Bc5
{[%clk 0:24:07]} Kf5 {[%clk 0:28:39]} 44. Kd4 {[%clk 0:22:52]} f6
{[%clk 0:16:50]} 45. exf6 {[%clk 0:13:02]} Kxf6 {[%clk 0:17:18]} 46. Kd3
{[%clk 0:11:18]} Kf5 {[%clk 0:15:38]} 47. Rb3 {[%clk 0:10:07]} Rd8
{[%clk 0:13:07]} 48. Rb1 {[%clk 0:07:32]} Re8 {[%clk 0:11:16]} 49. Bd4
{[%clk 0:05:54]} Re4 {[%clk 0:09:23]} 50. Ra1 {[%clk 0:06:10]} h5
{[%clk 0:05:44]} 51. a4 {[%clk 0:06:27]} bxa4 {[%clk 0:05:43]} 52. Rxa4
{[%clk 0:05:58]} Re1 {[%clk 0:05:58]} 53. Rxa6 {[%clk 0:04:51]} Rd1+
{[%clk 0:06:07]} 54. Kc3 {[%clk 0:03:53]} Rc1+ {[%clk 0:03:55]} 55. Kd3
{[%clk 0:03:48]} Rd1+ {[%clk 0:04:09]} 56. Kc3 {[%clk 0:04:10]} Rc1+
{[%clk 0:02:56]} 57. Kd3 {[%clk 0:04:38]} Rd1+ {[%clk 0:03:14]} 1/2-1/2

[Event "Senior DM 2015"]
[Site "Randers"]
[Date "2015.02.08"]
[Round "2.8"]
[White "Jørgensen, Arne Bjørn"]
[Black "Mostrup, Jørn"]
[Result "1/2-1/2"]
[LiveChessVersion "1.4.4"]
[BlackElo "2060"]
[WhiteElo "1955"]

1. Nf3 {[%clk 1:30:51]} c5 {[%clk 1:30:55]} 2. g3 {[%clk 1:31:12]} d5
{[%clk 1:30:18]} 3. Bg2 {[%clk 1:31:04]} Nf6 {[%clk 1:30:31]} 4. O-O
{[%clk 1:31:09]} Nc6 {[%clk 1:30:05]} 5. d3 {[%clk 1:29:56]} e6 {[%clk 1:28:24]}
6. Nbd2 {[%clk 1:29:18]} Be7 {[%clk 1:28:40]} 7. e4 {[%clk 1:26:26]} O-O
{[%clk 1:28:57]} 8. Re1 {[%clk 1:24:54]} b5 {[%clk 1:27:43]} 9. c3
{[%clk 1:21:50]} Rb8 {[%clk 1:24:11]} 10. h4 {[%clk 1:10:18]} b4 {[%clk 1:12:00]}
11. c4 {[%clk 1:06:29]} dxe4 {[%clk 1:07:13]} 12. dxe4 {[%clk 1:05:35]} e5
{[%clk 1:05:03]} 13. b3 {[%clk 0:52:17]} Bg4 {[%clk 1:02:30]} 14. Qc2
{[%clk 0:49:21]} Qd6 {[%clk 0:51:39]} 15. Bb2 {[%clk 0:46:49]} Rbd8
{[%clk 0:46:17]} 16. Nf1 {[%clk 0:39:05]} Bxf3 {[%clk 0:42:30]} 17. Bxf3
{[%clk 0:39:01]} Nd4 {[%clk 0:42:54]} 18. Bxd4 {[%clk 0:37:49]} cxd4
{[%clk 0:43:23]} 19. Rad1 {[%clk 0:35:11]} Nd7 {[%clk 0:43:36]} 20. Bg2
{[%clk 0:30:52]} Nc5 {[%clk 0:40:15]} 21. Ne3 {[%clk 0:29:28]} g6
{[%clk 0:36:07]} 22. Nd5 {[%clk 0:28:10]} a5 {[%clk 0:36:25]} 23. Qd2
{[%clk 0:26:42]} Ne6 {[%clk 0:31:40]} 24. Bh3 {[%clk 0:25:14]} Nc7
{[%clk 0:28:14]} 25. Rc1 {[%clk 0:23:03]} Na6 {[%clk 0:23:26]} 26. Bg2
{[%clk 0:20:58]} Nc5 {[%clk 0:21:51]} 27. Rf1 {[%clk 0:18:38]} Rde8
{[%clk 0:17:27]} 28. Rcd1 {[%clk 0:18:42]} Bd8 {[%clk 0:17:22]} 29. Kh1
{[%clk 0:16:25]} f5 {[%clk 0:16:42]} 30. exf5 {[%clk 0:12:23]} Rxf5
{[%clk 0:15:36]} 31. f4 {[%clk 0:12:01]} Ref8 {[%clk 0:11:59]} 32. Bh3
{[%clk 0:10:47]} R5f7 {[%clk 0:11:12]} 33. Qe2 {[%clk 0:10:19]} d3
{[%clk 0:09:30]} 34. Qxe5 {[%clk 0:09:34]} Qxe5 {[%clk 0:08:59]} 35. fxe5
{[%clk 0:10:01]} Rxf1+ 36. Bxf1 {[%clk 0:10:13]} Ne4 {[%clk 0:05:46]} 37. Kg1
{[%clk 0:09:19]} Nxg3 {[%clk 0:04:28]} 38. Bxd3 {[%clk 0:08:56]} Bxh4
{[%clk 0:04:25]} 1/2-1/2

[Event "Senior DM 2015"]
[Site "Randers"]
[Date "2015.02.08"]
[Round "2.9"]
[White "Pedersen, Børge"]
[Black "Øe, Oluf"]
[Result "1/2-1/2"]
[LiveChessVersion "1.4.4"]
[BlackElo "1843"]
[WhiteElo "2031"]

1. e4 {[%clk 1:30:52]} e5 {[%clk 1:30:46]} 2. Nf3 {[%clk 1:31:04]} Nc6
{[%clk 1:31:08]} 3. Bb5 {[%clk 1:31:06]} a6 {[%clk 1:31:30]} 4. Ba4
{[%clk 1:30:52]} Be7 {[%clk 1:30:14]} 5. O-O {[%clk 1:29:33]} b5 {[%clk 1:29:34]}
6. Bb3 {[%clk 1:29:55]} Nf6 {[%clk 1:27:56]} 7. c3 {[%clk 1:23:04]} d6
{[%clk 1:25:11]} 8. d4 {[%clk 1:22:29]} Bg4 {[%clk 1:18:51]} 9. d5
{[%clk 1:16:44]} Na5 {[%clk 1:15:25]} 10. Bc2 {[%clk 1:17:08]} O-O
{[%clk 1:15:38]} 11. Re1 {[%clk 1:14:42]} Nc4 {[%clk 1:07:46]} 12. b3
{[%clk 1:10:33]} Nb6 {[%clk 1:07:06]} 13. Nbd2 {[%clk 1:09:08]} Nfd7
{[%clk 1:05:18]} 14. Nf1 {[%clk 1:08:55]} f5 {[%clk 1:04:17]} 15. exf5
{[%clk 1:06:51]} Bxf5 {[%clk 1:00:46]} 16. Bxf5 {[%clk 1:03:09]} Rxf5
{[%clk 1:01:03]} 17. Ng3 {[%clk 1:02:04]} Rf8 {[%clk 1:00:14]} 18. Be3
{[%clk 1:00:48]} Qe8 {[%clk 0:54:01]} 19. Qd3 {[%clk 0:53:25]} Qf7
{[%clk 0:50:29]} 20. Rad1 {[%clk 0:52:24]} h6 {[%clk 0:50:39]} 21. Bxb6
{[%clk 0:43:22]} Nxb6 {[%clk 0:47:50]} 22. Re4 {[%clk 0:41:43]} Nd7
{[%clk 0:45:28]} 23. b4 {[%clk 0:41:10]} Nf6 {[%clk 0:41:58]} 24. Re2
{[%clk 0:40:30]} Nh7 {[%clk 0:41:33]} 25. c4 {[%clk 0:36:08]} Rfb8
{[%clk 0:36:34]} 26. c5 {[%clk 0:34:25]} Ng5 {[%clk 0:33:10]} 27. Nxg5
{[%clk 0:31:56]} Bxg5 {[%clk 0:33:20]} 28. cxd6 {[%clk 0:28:49]} cxd6
{[%clk 0:33:26]} 29. Ne4 {[%clk 0:29:08]} Be7 {[%clk 0:33:15]} 30. Rc1
{[%clk 0:28:55]} Rc8 {[%clk 0:33:25]} 31. Rec2 {[%clk 0:28:38]} Qe8
{[%clk 0:32:40]} 32. Qh3 {[%clk 0:27:56]} Rxc2 {[%clk 0:32:02]} 33. Qe6+
{[%clk 0:27:21]} Qf7 {[%clk 0:30:37]} 34. Qxf7+ {[%clk 0:27:33]} Kxf7
{[%clk 0:30:59]} 35. Rxc2 {[%clk 0:27:55]} a5 {[%clk 0:24:06]} 36. bxa5
{[%clk 0:25:34]} Rxa5 {[%clk 0:24:24]} 37. Kf1 {[%clk 0:23:33]} b4
{[%clk 0:24:28]} 38. Rd2 {[%clk 0:23:48]} Ke8 {[%clk 0:23:04]} 39. Ke2
{[%clk 0:22:43]} Kd7 {[%clk 0:22:53]} 40. Rb2 {[%clk 0:51:42]} Rxd5
{[%clk 0:46:42]} 41. Rxb4 {[%clk 0:51:51]} Ra5 {[%clk 0:47:01]} 42. Nc3
{[%clk 0:50:36]} d5 {[%clk 0:38:58]} 43. Rb7+ {[%clk 0:36:42]} Ke6
{[%clk 0:38:31]} 44. Rb5 {[%clk 0:35:53]} Rxb5 {[%clk 0:38:41]} 45. Nxb5
{[%clk 0:36:17]} Kd7 {[%clk 0:36:21]} 46. Nc3 {[%clk 0:35:06]} Kc6
{[%clk 0:35:42]} 47. f3 {[%clk 0:35:18]} Bc5 {[%clk 0:31:53]} 48. Kd3
{[%clk 0:33:12]} Bg1 {[%clk 0:29:47]} 49. h3 {[%clk 0:33:25]} Bc5
{[%clk 0:29:29]} 50. Ne2 {[%clk 0:32:17]} g6 {[%clk 0:27:12]} 51. g4
{[%clk 0:31:55]} Bf2 {[%clk 0:26:27]} 52. Nc1 {[%clk 0:28:42]} Kb5
{[%clk 0:26:11]} 53. Ke2 {[%clk 0:28:01]} Bd4 {[%clk 0:25:29]} 54. Nd3
{[%clk 0:27:41]} Kc4 {[%clk 0:23:38]} 55. h4 {[%clk 0:23:03]} g5 {[%clk 0:22:05]}
56. hxg5 {[%clk 0:22:56]} hxg5 {[%clk 0:22:27]} 57. a4 {[%clk 0:22:35]} e4
{[%clk 0:21:22]} 58. fxe4 {[%clk 0:22:58]} dxe4 {[%clk 0:21:44]} 59. Nf2
{[%clk 0:22:35]} e3 {[%clk 0:19:55]} 60. Ne4 {[%clk 0:21:17]} 1/2-1/2